Vulnerabilidad externa y dependencia de la economía argentina /
Guardado en:
| Autor principal: | |
|---|---|
| Autor Corporativo: | |
| Otros Autores: | , , |
| Formato: | Texto |
| Lenguaje: | Spanish |
| Publicado: |
Buenos Aires:
CENEDIC. CLACSO
|
| Edición: | 2 |
| Materias: | |
| Etiquetas: |
Agregar Etiqueta
Sin Etiquetas, Sea el primero en etiquetar este registro!
|
MARC
| LEADER | 00000 a a2200000 04500 | ||
|---|---|---|---|
| 001 | 38372 | ||
| 003 | cru IIS | ||
| 005 | 20230314085007.0 | ||
| 008 | 230314b |||||||| |||| 00| 0 spa d | ||
| 020 | |a 950-9231-71-1 | ||
| 040 | |c cru IIS | ||
| 090 | |a 0001 G191g | ||
| 100 | |a Gambina, Julio | ||
| 110 | |a CLACSO | ||
| 245 | |a Vulnerabilidad externa y dependencia de la economía argentina / |c Julio Gambina | ||
| 250 | |a 2 | ||
| 260 | |a Buenos Aires: |b CENEDIC. CLACSO | ||
| 300 | |a 97-126 p. | ||
| 650 | |a MERCADO FINANCIERO | ||
| 650 | |a MONEDAS | ||
| 650 | |a EVALUACION ECONOMICA | ||
| 650 | |a ARGENTINA | ||
| 700 | 1 | |a T. García, Alfredo |9 10999 | |
| 700 | 1 | |a Borzel, Mariano |9 11000 | |
| 700 | 1 | |a Casparrino, Claudio |9 11001 | |
| 942 | |2 ddc |c LI | ||
| 999 | |c 7257 |d 7257 | ||
| 773 | 0 | |0 13387 |9 8413 |a Gambina, Julio |d Buenos Aires: CLACSO. ATTAC. ASDI |o 05853 |t La Globalización económica-financiera y el impacto en America Latina: estrategias de regulación y respuestas sociales y políticas del movimiento popular / |w (cru IIS)27259 |z 950-9231-71-1 | |



